| 000 | 00439pab a2200169 454500 | ||
|---|---|---|---|
| 008 | 180718b2012 xxu||||| |||| 00| 0 eng d | ||
| 100 | _aSingh, Deoranjan Kumar | ||
| 245 | _aOPEDA - Child tracking system in Odisha | ||
| 260 | _c2012 | ||
| 300 | _ap.91-101. | ||
| 362 | _aJul-Sep | ||
| 650 | _aPrimary education - India - Odisha | ||
| 650 | _aPrimary education | ||
| 773 | _aManagement in Government | ||
| 908 | _aN | ||
| 909 | _a98131 | ||
| 999 |
_c98130 _d98130 |
||